000 004550000a22001690004500
003 MACL
005 20150919131745.0
008 150919b xxu||||| |||| 00| 0 eng d
040 _aMACL
_cMACL
041 _aEnglish
082 _a825/SIN
100 _aSingh, Dr. K S
_912003
245 _aThe History Of The Anthropological Survey Of India
260 _bAnthropolgical Survey If India
_c1991
_aCalcutta
650 _aSpeches
_911966
942 _cBK
_k825
_2ddc
999 _c4118
_d4118